书目信息 |
| 题名: |
名师作业设计新思维
|
|
| 作者: | 雷玲 主编 | |
| 分册: | 数学卷 | |
| 出版信息: | 上海 华东师范大学出版社 2017 |
|
| 页数: | 241页 | |
| 开本: | 23cm | |
| 丛书名: | 大夏书系·教学艺术 | |
| 单 册: | ||
| 中图分类: | G632.0 , G633.602 | |
| 科图分类: | ||
| 主题词: | 学生作业--xue sheng zuo ye--教学设计--中小学--教学参考资料 , 数学课--shu xue ke--学生作业--教学设计--中小学--教学参考资料 | |
| 电子资源: | ||
| ISBN: | 978-7-5675-5849-6 | |
| 000 | 01419nam0 22003011 450 | |
| 001 | 1754545527 | |
| 005 | 20170516112211.0 | |
| 010 | @a978-7-5675-5849-6@dCNY35.00 | |
| 100 | @a20170320d2017 em y0chiy50 ea | |
| 101 | 0 | @achi |
| 102 | @aCN@b310000 | |
| 105 | @ay z 000yy | |
| 106 | @ar | |
| 200 | 1 | @a名师作业设计新思维@9ming shi zuo ye she ji xin si wei@i数学卷@f雷玲主编 |
| 210 | @a上海@c华东师范大学出版社@d2017 | |
| 215 | @a241页@d23cm | |
| 225 | 2 | @a大夏书系·教学艺术@9da xia shu xi jiao xue yi shu |
| 314 | @a雷玲,女,网名红袖子,曾在大学任教,北京教育音像报刊总社总编室主任,资深教育记者,高级编辑,50余次获教育部新闻奖、北京市新闻奖、全国教育教辅奖等奖项。主编有《打开教育之门——顾明远教育观启示录》、《推开教育之窗——朱永新教育观启示录》等书。 | |
| 330 | @a本书汇编了三十位老师的备课经验之作,分为三个部分,分别是“有效作业”“创新作业”和“个性作业”。各位数学老师从日常布置作业的实际出发,结合教学实例及布置作业的经验,讲述如何通过布置合理的数学作业来激发学生学习数学的乐趣,及如何使作业避免流于表面。 | |
| 461 | 0 | @12001@a大夏书系·教学艺术 |
| 517 | 1 | @a数学卷@9shu xue juan |
| 606 | 0 | @a学生作业@9xue sheng zuo ye@x教学设计@x中小学@j教学参考资料 |
| 606 | 0 | @a数学课@9shu xue ke@x学生作业@x教学设计@x中小学@j教学参考资料 |
| 690 | @aG632.0@v5 | |
| 690 | @aG633.602@v5 | |
| 701 | 0 | @a雷玲@9lei ling@4主编 |
| 801 | 0 | @aCN@b百万庄@c20170513 |
| 905 | @b1006422-7@dG632.0@e421@f6 | |
| 名师作业设计新思维.数学卷/雷玲主编.-上海:华东师范大学出版社,2017 |
| 241页;23cm.-(大夏书系·教学艺术) |
| ISBN 978-7-5675-5849-6:CNY35.00 |
| 本书汇编了三十位老师的备课经验之作,分为三个部分,分别是“有效作业”“创新作业”和“个性作业”。各位数学老师从日常布置作业的实际出发,结合教学实例及布置作业的经验,讲述如何通过布置合理的数学作业来激发学生学习数学的乐趣,及如何使作业避免流于表面。 |
| ● |
| 相关链接 |
|
|
|
|
正题名:名师作业设计新思维
索取号:G632.0/421
 
预约/预借
| 序号 | 登录号 | 条形码 | 馆藏地/架位号 | 状态 | 备注 |
| 1 | 1006422 | 210064222 | 第一样本阅览室/ [索取号:G632.0/421] | 在馆 | |
| 2 | 1006423 | 210064231 | 教育系资料室/ [索取号:G632.0/421] | 在馆 | |
| 3 | 1006424 | 210064240 | 教育系资料室/ [索取号:G632.0/421] | 在馆 | |
| 4 | 1006425 | 210064259 | 教育系资料室/ [索取号:G632.0/421] | 在馆 | |
| 5 | 1006426 | 210064268 | 第四借阅区/ [索取号:G632.0/421] | 在馆 | |
| 6 | 1006427 | 210064277 | 第四借阅区/ [索取号:G632.0/421] | 在馆 |